000 00624nam a2200241Ia 4500
003 OSt
005 20221007100411.0
006 a|||||r|||| 00| 0
007 ta
008 221006b |||||||| |||| 00| 0 eng d
024 _a4,353
037 _cTextual
040 _aLCO
_cLCO
_beng
041 _2eng
_aeng
082 _aSZf, M0
100 _aKAPLAN A
_9701614
245 0 _aConduct of inquiry ; Methodology for behaviourals
260 _aJaipur
_bSachin Pub.
_c1980
300 _a428
650 _aCONDUCT OF INQUIRY
_9687877
942 _hSZf, M0
_cTEXL
999 _c1173916
_d1173916